000 00642nam a2200181Ia 4500
008 090122s9999 xx 000 0 und d
082 _b13865
_a808.899
100 _aवाघे
_bसुरेश
245 _aभारताची मानचिन्हे
260 _bमृण्मयी ऋग्वेदी
_c2004
300 _a64
501 _a"236 - 02/12/2008 फुलराणी प्रकाशन,ठाणे"
600 _aवाघे
630 _aभारताची मानचिन्हे
700 _aवाघे
730 _aभारताची मानचिन्हे
942 _cBOOK
999 _c37942
_d37942